[Event "City of Dublin Masters 2014"]
[Site "Dublin IRL"]
[Date "2014.09.13"]
[Round "3"]
[White "Mulligan, Scott"]
[Black "Hayes, Peter J."]
[Result "0-1"]
[WhiteElo "1876"]
[BlackElo "2090"]
[WhiteICU "1785"]
[BlackICU "2000"]
[WhiteClub "Rathmines Jrs"]
[BlackClub "Rathmines"]
[WhiteNationality "IRL"]
[BlackNationality "IRL"]
[WhiteFideId "2507498"]
[BlackFideId "2502569"]
[PlyCount "52"]
[Venue "Gresham Hotel, 23 Upper O'Connell Street, Dublin 1"]
[EventDate "2014.09.12"]
[Source "Herbert Scarry and Pat Fitzsimons, via Irish Chess Cogitations blog"]

{ Reference: <a
href="https://www.irlchess.com/cityofdublin2014_allfiles/information_cityofdublin2014.html">Tournament
report</a>. }

1. e4 c6 2. d4 d5 3. exd5 cxd5 4. Bd3 Nc6 5. c3 Nf6 6. Bf4 Bg4 7. Nf3 a6 8.
Nbd2 e6 9. O-O Bd6 10. Bxd6 Qxd6 11. h3 Bh5 12. Re1 Nd7 13. Qc2 Bg6 14. a3
O-O 15. Rad1 b5 16. Nb3 a5 17. Bxg6 hxg6 18. Ng5 b4 19. axb4 axb4 20. Nc5
Nxc5 21. dxc5 Qxc5 22. Kh1 d4 23. Rxe6 fxe6 24. Qxg6 Qf5 25. Qh5 Rf6 26. g4
Qg6 0-1

[Event "City of Dublin Masters 2014"]
[Site "Dublin IRL"]
[Date "2014.09.13"]
[Round "3"]
[White "Butler, Kevin C."]
[Black "Benson, Oisin P."]
[Result "1-0"]
[WhiteElo "2029"]
[BlackElo "2028"]
[WhiteICU "1954"]
[BlackICU "1968"]
[WhiteClub "Phibsboro"]
[BlackClub "T.C.D."]
[WhiteNationality "IRL"]
[BlackNationality "IRL"]
[WhiteFideId "2501538"]
[BlackFideId "2501821"]
[PlyCount "111"]
[Venue "Gresham Hotel, 23 Upper O'Connell Street, Dublin 1"]
[EventDate "2014.09.12"]
[Source "Herbert Scarry and Pat Fitzsimons, via Irish Chess Cogitations blog"]
[BlackFullName "Benson, Ois&iacute;n P."]

{ Reference: <a
href="https://www.irlchess.com/cityofdublin2014_allfiles/information_cityofdublin2014.html">Tournament
report</a>. }

1. e4 c5 2. Nf3 d6 3. d4 cxd4 4. Nxd4 Nf6 5. Nc3 a6 6. a4 e5 7. Nf3 Qc7 8.
Be2 Be7 9. O-O Nbd7 10. a5 O-O 11. h3 Nc5 12. Bd3 b5 13. axb6 Qxb6 14. Na4
Nxa4 15. Rxa4 Bb7 16. Qe2 Rfc8 17. c3 Nd7 18. Be3 Nc5 19. Rfa1 a5 20. b4
axb4 21. cxb4 Rxa4 22. Rxa4 Qc6 23. Bb5 Qxe4 24. bxc5 Qb1+ 25. Qf1 Qxf1+
26. Kxf1 Bxf3 27. gxf3 dxc5 28. Bc4 Kf8 29. Ra7 Ke8 30. Ke2 f6 31. Bd5 Kd8
32. Kd3 Rb8 33. Ra8 Rxa8 34. Bxa8 Kc7 35. Kc4 Kb6 36. f4 exf4 37. Bxf4 g5
38. Be3 f5 39. Bf3 f4 40. Bd2 Bf6 41. Bc3 Bxc3 42. Kxc3 Kb5 43. Be2+ Kc6
44. Kc4 h6 45. Bh5 Kd6 46. Bg6 Kc6 47. Bh5 Kd6 48. Bf3 Ke6 49. Kxc5 Ke5 50.
Kc4 Ke6 51. Kd4 Kd6 52. Bg4 Ke7 53. Ke5 Kf7 54. Kf5 Kg7 55. Bh5 Kh7 56. Kf6
1-0

[Event "City of Dublin Masters 2014"]
[Site "Dublin IRL"]
[Date "2014.09.14"]
[Round "4"]
[White "Firstov, Juri"]
[Black "Delaney, Killian"]
[Result "1-0"]
[WhiteElo "2367"]
[BlackElo "2114"]
[WhiteICU "2328"]
[BlackICU "2109"]
[WhiteClub "T.C.D."]
[BlackClub "Gonzaga"]
[WhiteNationality "EST"]
[BlackNationality "IRL"]
[WhiteFideId "4501233"]
[BlackFideId "2501570"]
[PlyCount "87"]
[Venue "Gresham Hotel, 23 Upper O'Connell Street, Dublin 1"]
[EventDate "2014.09.12"]
[Source "Herbert Scarry and Pat Fitzsimons, via Irish Chess Cogitations blog"]

{ Reference: <a
href="https://www.irlchess.com/cityofdublin2014_allfiles/information_cityofdublin2014.html">Tournament
report</a>. }

1. d4 d5 2. Bg5 c5 3. dxc5 f6 4. Bh4 e5 5. e4 dxe4 6. Qxd8+ Kxd8 7. Nc3
Bxc5 8. Nxe4 Be7 9. O-O-O+ Kc7 10. Bc4 Nd7 11. f3 Nb6 12. Bb3 a5 13. a3 a4
14. Ba2 Bd7 15. Bf2 Bc6 16. Ne2 Nh6 17. N2g3 Nd7 18. Nc3 Nb6 19. Be3 Rhd8
20. Bxh6 gxh6 21. Nf5 Bf8 22. Ne4 Bd5 23. Bxd5 Nxd5 24. Rd2 Ne7 25. Rxd8
Rxd8 26. Nxe7 Bxe7 27. Rd1 Rg8 28. g3 b5 29. Nc3 Kc6 30. Nd5 Rg7 31. Ne3
Bc5 32. Nf5 Rg5 33. Nxh6 Rh5 34. Ng4 f5 35. Nxe5+ Kc7 36. Rd7+ Kb6 37. Rf7
Be3+ 38. Kb1 f4 39. Rf6+ Kc5 40. Nd3+ Kc4 41. Nxf4 Rxh2 42. Rc6+ Kd4 43.
c3+ Ke5 44. Re6+ 1-0

[Event "City of Dublin Masters 2014"]
[Site "Dublin IRL"]
[Date "2014.09.14"]
[Round "4"]
[White "Redmond, John P."]
[Black "Butler, Kevin C."]
[Result "1/2-1/2"]
[WhiteElo "2255"]
[BlackElo "2029"]
[WhiteICU "2203"]
[BlackICU "1954"]
[WhiteClub "Atticus ENG"]
[BlackClub "Phibsboro"]
[WhiteNationality "IRL"]
[BlackNationality "IRL"]
[WhiteFideId "2500051"]
[BlackFideId "2501538"]
[PlyCount "50"]
[Venue "Gresham Hotel, 23 Upper O'Connell Street, Dublin 1"]
[EventDate "2014.09.12"]
[Source "Herbert Scarry and Pat Fitzsimons, via Irish Chess Cogitations blog"]

{ Reference: <a
href="https://www.irlchess.com/cityofdublin2014_allfiles/information_cityofdublin2014.html">Tournament
report</a>. }

1. c4 Nf6 2. Nc3 g6 3. e4 d6 4. d4 Bg7 5. Be2 O-O 6. Nf3 e5 7. O-O Nc6 8.
d5 Ne7 9. Ne1 Nd7 10. f3 f5 11. g4 Nf6 12. Nd3 c6 13. Kh1 cxd5 14. cxd5
fxe4 15. fxe4 Nxg4 16. Bd2 Nf6 17. Rg1 Kh8 18. Be3 Bd7 19. a4 Rc8 20. Nf2
a6 21. a5 Rf7 22. Ra3 Qf8 23. Rb3 Rc7 24. Bb6 Rc8 25. Be3 Rc7 1/2-1/2

[Event "City of Dublin Masters 2014"]
[Site "Dublin IRL"]
[Date "2014.09.14"]
[Round "4"]
[White "Hayes, Peter J."]
[Black "O'Donnell, Conor"]
[Result "0-1"]
[WhiteElo "2090"]
[BlackElo "2209"]
[WhiteICU "2000"]
[BlackICU "2143"]
[WhiteClub "Rathmines"]
[BlackClub "Gonzaga"]
[WhiteNationality "IRL"]
[BlackNationality "IRL"]
[WhiteFideId "2502569"]
[BlackFideId "2504243"]
[PlyCount "104"]
[Venue "Gresham Hotel, 23 Upper O'Connell Street, Dublin 1"]
[EventDate "2014.09.12"]
[Source "Herbert Scarry and Pat Fitzsimons, via Irish Chess Cogitations blog"]

{ Reference: <a
href="https://www.irlchess.com/cityofdublin2014_allfiles/information_cityofdublin2014.html">Tournament
report</a>. }

1. d4 Nf6 2. Nf3 d5 3. c4 c6 4. e3 Bf5 5. Nc3 e6 6. Nh4 Bg6 7. Be2 Nbd7 8.
O-O Ne4 9. Nxg6 hxg6 10. Nxe4 dxe4 11. d5 Qc7 12. h3 O-O-O 13. Qd4 exd5 14.
Qxa7 Qe5 15. Qa8+ Nb8 16. Bd2 Bd6 17. g3 dxc4 18. Kg2 Qe6 19. Rh1 Bxg3 20.
Ba5 Bc7 21. Bxc7 Kxc7 22. Qa5+ Kc8 23. Rac1 Rd5 24. Qa3 Rg5+ 25. Kf1 Rxh3
26. Qf8+ Kc7 27. Rxh3 Qxh3+ 28. Ke1 Rg1+ 29. Kd2 Qd7+ 30. Kc2 Rxc1+ 31.
Kxc1 Qd5 32. Qxg7 Nd7 33. Qc3 Ne5 34. Kc2 Kd7 35. b3 cxb3+ 36. axb3 Kd6 37.
Kb1 f5 38. Qb4+ Kc7 39. Qe7+ Nd7 40. Qb4 Nc5 41. Kc2 Nd3 42. Qe7+ Kb6 43.
Kc3 Qc5+ 44. Qxc5+ Kxc5 45. f4 Nb4 46. Bc4 Nd5+ 47. Kd2 Kb4 48. Bxd5 cxd5
49. Kc2 b5 50. Kd2 Kc5 51. Kc3 b4+ 52. Kc2 d4 0-1

[Event "City of Dublin Masters 2014"]
[Site "Dublin IRL"]
[Date "2014.09.14"]
[Round "4"]
[White "Murray, David"]
[Black "Daly, Colm"]
[Result "1-0"]
[BlackTitle "FM"]
[WhiteElo "2151"]
[BlackElo "2343"]
[WhiteICU "2054"]
[BlackICU "2265"]
[WhiteClub "Gonzaga"]
[BlackClub "Bray/Greystones"]
[WhiteNationality "IRL"]
[BlackNationality "IRL"]
[WhiteFideId "2501511"]
[BlackFideId "2500434"]
[PlyCount "105"]
[Venue "Gresham Hotel, 23 Upper O'Connell Street, Dublin 1"]
[EventDate "2014.09.12"]
[Source "Herbert Scarry and Pat Fitzsimons, via Irish Chess Cogitations blog"]

{ Annotator: Colm Daly, <a
href="http://www.irishchesscogitations.com/thecod2014/rd4murray_dalythecod_2014.htm">Murray,
D. - Daly, C.</a>, Irish Chess Cogitations blog, September 2014 (dead link
as of February 11, 2019). } { Reference: <a
href="https://www.irlchess.com/cityofdublin2014_allfiles/information_cityofdublin2014.html">Tournament
report</a>. }

1. e4 c5 2. Nf3 e6 3. d4 cxd4 4. Nxd4 a6 5. Bd3 Nf6 6. O-O Qc7 7. Qe2 d6 8.
c4 Bd7 9. f4 Nc6 10. Nxc6 Bxc6 11. Nc3 Be7 12. Kh1 Nd7 13. Rf3 Bf6 14. Nd5
Bxd5 15. exd5 e5 16. g4 Be7 17. b4 a5 18. bxa5 Rxa5 19. Bb2 f6 20. fxe5
Nxe5 21. Bxe5 dxe5 22. Bf5 Bc5 23. Be6 Rf8 24. Raf1 h6 25. Qc2 Kd8 26. Rd1
Bd6 27. Rb3 b6 28. Rdb1 Bc5 29. Rb5 Rxb5 30. Rxb5 Ke7 31. Qg6 Kd6 32. Qf5
Ra8 33. Rb2 Bd4 34. Rc2 Kc5 35. Qf3 Ra5 36. Qb3 e4 37. a4 Kd6 38. Qg3+ Be5
39. Qb3 Qc5 40. Re2 b5 41. cxb5 Qc1+ 42. Kg2 Bd4 43. Qb4+ Ke5 44. Qxa5 Qg1+
45. Kh3 Kf4 46. Qe1 Kf3 47. Qxg1 Bxg1 48. Rg2 Bb6 49. d6 g5 50. d7 e3 51.
Bd5+ Kf4 52. Re2 Ke5 53. Rxe3+ 1-0

[Event "City of Dublin Masters 2014"]
[Site "Dublin IRL"]
[Date "2014.09.14"]
[Round "4"]
[White "Harding, Tim"]
[Black "Keogh, Eamon"]
[Result "1/2-1/2"]
[BlackTitle "NM"]
[WhiteElo "2095"]
[BlackElo "1983"]
[WhiteICU "1975"]
[BlackICU "1888"]
[WhiteClub "T.C.D."]
[BlackClub "Kilkenny"]
[WhiteNationality "IRL"]
[BlackNationality "IRL"]
[WhiteFideId "2500256"]
[BlackFideId "2500264"]
[PlyCount "40"]
[Venue "Gresham Hotel, 23 Upper O'Connell Street, Dublin 1"]
[EventDate "2014.09.12"]
[Source "Herbert Scarry and Pat Fitzsimons, via Irish Chess Cogitations blog"]

{ Reference: <a
href="https://www.irlchess.com/cityofdublin2014_allfiles/information_cityofdublin2014.html">Tournament
report</a>. }

1. d4 d6 2. e4 g6 3. Nc3 Bg7 4. Be3 Nd7 5. Bc4 e5 6. Nf3 Ne7 7. Bxf7+ Kxf7
8. Ng5+ Kf6 9. Nd5+ Nxd5 10. exd5 Qg8 11. Qf3+ Ke7 12. Ne6 Nf6 13. dxe5
Nxd5 14. Nxg7 Nxe3 15. Qf6+ Kd7 16. e6+ Kc6 17. Qc3+ Kb6 18. Qb4+ Ka6 19.
Qa4+ Kb6 20. Qb4+ Ka6 1/2-1/2

[Event "City of Dublin Masters 2014"]
[Site "Dublin IRL"]
[Date "2014.09.14"]
[Round "4"]
[White "Palmer, Bernard"]
[Black "Mulligan, Scott"]
[Result "1-0"]
[WhiteElo "2048"]
[BlackElo "1876"]
[WhiteICU "1935"]
[BlackICU "1785"]
[WhiteClub "Dun Laoghaire"]
[BlackClub "Rathmines Jrs"]
[WhiteNationality "IRL"]
[BlackNationality "IRL"]
[WhiteFideId "2500701"]
[BlackFideId "2507498"]
[PlyCount "111"]
[Venue "Gresham Hotel, 23 Upper O'Connell Street, Dublin 1"]
[EventDate "2014.09.12"]
[Source "Herbert Scarry and Pat Fitzsimons, via Irish Chess Cogitations blog"]

{ Reference: <a
href="https://www.irlchess.com/cityofdublin2014_allfiles/information_cityofdublin2014.html">Tournament
report</a>. }

1. d4 Nf6 2. c4 g6 3. Nc3 Bg7 4. e4 d6 5. f3 O-O 6. Be3 e5 7. d5 b6 8. Qd2
Nbd7 9. Bd3 a5 10. Nge2 Nc5 11. Bc2 Ne8 12. b3 f5 13. O-O-O f4 14. Bf2 Bd7
15. a3 g5 16. h3 h5 17. Kb2 Nf6 18. Ra1 g4 19. hxg4 hxg4 20. Rhb1 g3 21.
Bg1 Qe7 22. Nc1 Rfb8 23. b4 Na6 24. Nd3 Be8 25. Kc1 Nd7 26. Ba4 Nf6 27. Bb5
Qd8 28. Ra2 Rb7 29. bxa5 bxa5 30. Rab2 Bxb5 31. cxb5 Nb8 32. a4 Nbd7 33.
Rc2 Nb6 34. Nb2 Qf8 35. Ne2 Nxe4 36. fxe4 Bh6 37. Be3 fxe3 38. Qd1 Qf2 39.
Qh1 Qf6 40. Qh3 Qg6 41. Ra1 Kg7 42. Qh4 Qg5 43. Qh3 Rf8 44. Nd1 Rf2 45. Kb2
Rf6 46. Kb3 Qg6 47. Ndc3 Rf7 48. Nxg3 Nd7 49. Nf5+ Kh7 50. g4 Nc5+ 51. Ka3
Qg5 52. Rh1 Rxf5 53. gxf5 e2 54. Rxe2 Nxe4 55. Nxe4 Qf4 56. Nf6+ 1-0

[Event "City of Dublin Masters 2014"]
[Site "Dublin IRL"]
[Date "2014.09.14"]
[Round "5"]
[White "Delaney, Killian"]
[Black "Redmond, John P."]
[Result "0-1"]
[WhiteElo "2114"]
[BlackElo "2255"]
[WhiteICU "2109"]
[BlackICU "2203"]
[WhiteClub "Gonzaga"]
[BlackClub "Atticus ENG"]
[WhiteNationality "IRL"]
[BlackNationality "IRL"]
[WhiteFideId "2501570"]
[BlackFideId "2500051"]
[PlyCount "42"]
[Venue "Gresham Hotel, 23 Upper O'Connell Street, Dublin 1"]
[EventDate "2014.09.12"]
[Source "Herbert Scarry and Pat Fitzsimons, via Irish Chess Cogitations blog"]

{ Reference: <a
href="https://www.irlchess.com/cityofdublin2014_allfiles/information_cityofdublin2014.html">Tournament
report</a>. }

1. e4 e6 2. d4 d5 3. e5 c5 4. c3 Nc6 5. Nf3 Bd7 6. Bd3 Rc8 7. dxc5 Bxc5 8.
O-O Nge7 9. b4 Bb6 10. b5 Na5 11. a4 Ng6 12. Re1 Nc4 13. Nbd2 Nxd2 14. Bxd2
O-O 15. h4 f6 16. Ra2 Nxe5 17. Rxe5 fxe5 18. Bxh7+ Kxh7 19. Ng5+ Kg8 20.
Qh5 Rxf2 21. Kh1 Qf6 0-1

[Event "City of Dublin Masters 2014"]
[Site "Dublin IRL"]
[Date "2014.09.14"]
[Round "5"]
[White "O'Donnell, Conor"]
[Black "Murray, David"]
[Result "1/2-1/2"]
[WhiteElo "2209"]
[BlackElo "2151"]
[WhiteICU "2143"]
[BlackICU "2054"]
[WhiteClub "Gonzaga"]
[BlackClub "Gonzaga"]
[WhiteNationality "IRL"]
[BlackNationality "IRL"]
[WhiteFideId "2504243"]
[BlackFideId "2501511"]
[PlyCount "90"]
[Venue "Gresham Hotel, 23 Upper O'Connell Street, Dublin 1"]
[EventDate "2014.09.12"]
[Source "Herbert Scarry and Pat Fitzsimons, via Irish Chess Cogitations blog"]

{ Reference: <a
href="https://www.irlchess.com/cityofdublin2014_allfiles/information_cityofdublin2014.html">Tournament
report</a>. }

1. e4 e5 2. Nf3 Nc6 3. Bc4 Bc5 4. c3 Nf6 5. d3 d6 6. h3 Be6 7. Nbd2 a6 8.
Bb3 O-O 9. Nf1 d5 10. Qe2 dxe4 11. dxe4 Re8 12. Ng3 Bxb3 13. axb3 h6 14.
O-O Qd7 15. b4 Bb6 16. Rd1 Qe6 17. Nh4 Rad8 18. Nhf5 Rxd1+ 19. Qxd1 Qc4 20.
Qf3 Re6 21. b5 Qxb5 22. Bxh6 Qxb2 23. Rf1 gxh6 24. Nxh6+ Kg7 25. Ngf5+ Kf8
26. Qg3 Ke8 27. Qg7 Nd8 28. Qh8+ Kd7 29. Rd1+ Rd6 30. Nxd6 Qxf2+ 31. Kh1
cxd6 32. Nf5 Nxe4 33. Qxe5 Qg1+ 34. Rxg1 dxe5 $19 35. Re1 Nf2+ 36. Kh2 e4
37. Kg3 Nc6 38. Rb1 Bc5 39. Rxb7+ Ke6 40. Ng7+ Kf6 $2 (40... Kd5 $19) 41.
Ne8+ Ke6 ({ Black still has some winning chances after } 41... Ke5 42. Rc7
Nh1+ 43. Kh2 Bf2 44. Rxc6 e3 $17) 42. Rc7 Kd5 43. Nf6+ Kd6 44. Ne8+ Kd5 45.
Nf6+ Kd6 1/2-1/2

[Event "City of Dublin Masters 2014"]
[Site "Dublin IRL"]
[Date "2014.09.14"]
[Round "5"]
[White "Butler, Kevin C."]
[Black "Hayes, Peter J."]
[Result "0-1"]
[WhiteElo "2029"]
[BlackElo "2090"]
[WhiteICU "1954"]
[BlackICU "2000"]
[WhiteClub "Phibsboro"]
[BlackClub "Rathmines"]
[WhiteNationality "IRL"]
[BlackNationality "IRL"]
[WhiteFideId "2501538"]
[BlackFideId "2502569"]
[PlyCount "32"]
[Venue "Gresham Hotel, 23 Upper O'Connell Street, Dublin 1"]
[EventDate "2014.09.12"]
[Source "Herbert Scarry and Pat Fitzsimons, via Irish Chess Cogitations blog"]

{ Reference: <a
href="https://www.irlchess.com/cityofdublin2014_allfiles/information_cityofdublin2014.html">Tournament
report</a>. }

1. e4 c6 2. d4 d5 3. e5 Bf5 4. h4 h6 5. g4 Be4 6. f3 Bg6 7. h5 Bh7 8. e6
Qd6 9. exf7+ Kxf7 10. Ne2 e5 11. Nbc3 Nd7 12. dxe5 Nxe5 13. Kf2 Nf6 14. Bf4
Qc5+ 15. Be3 Nexg4+ 16. fxg4 Nxg4+ 0-1

[Event "City of Dublin Masters 2014"]
[Site "Dublin IRL"]
[Date "2014.09.14"]
[Round "5"]
[White "Daly, Colm"]
[Black "Palmer, Bernard"]
[Result "1-0"]
[WhiteTitle "FM"]
[WhiteElo "2343"]
[BlackElo "2048"]
[WhiteICU "2265"]
[BlackICU "1935"]
[WhiteClub "Bray/Greystones"]
[BlackClub "Dun Laoghaire"]
[WhiteNationality "IRL"]
[BlackNationality "IRL"]
[WhiteFideId "2500434"]
[BlackFideId "2500701"]
[PlyCount "83"]
[Venue "Gresham Hotel, 23 Upper O'Connell Street, Dublin 1"]
[EventDate "2014.09.12"]
[Source "Herbert Scarry and Pat Fitzsimons, via Irish Chess Cogitations blog"]

{ Reference: <a
href="https://www.irlchess.com/cityofdublin2014_allfiles/information_cityofdublin2014.html">Tournament
report</a>. }

1. e4 e6 2. d4 d5 3. Nc3 Bb4 4. e5 c5 5. a3 Bxc3+ 6. bxc3 Qa5 7. Bd2 Qa4 8.
Qb1 c4 9. Nf3 Nc6 10. h4 Nge7 11. h5 h6 12. g3 b6 13. Bh3 Bd7 14. Kf1 O-O-O
15. Kg2 g5 16. Nh2 Nf5 17. Ng4 Nce7 18. Re1 Ng8 19. Ne3 Nxe3+ 20. Rxe3 Re8
21. g4 f6 22. exf6 Nxf6 23. f3 Rhg8 24. Be1 Kb7 25. Bg3 Bc6 26. Bh2 Rg7 27.
Re2 Qa5 28. Qe1 Qa4 29. Ra2 Bd7 30. Qg3 Ka8 31. Re1 Qa5 32. Re3 Qa4 33. Qd6
Qc6 34. Qb4 Qa4 35. Qb2 Bc6 36. Qc1 Kb7 37. Rb2 Ka8 38. Rb4 Qa5 39. Re2 Ng8
40. a4 Bd7 41. Kg1 Rf7 42. Bg2 { And Black later blundered after having
established a drawn position. } 1-0

[Event "City of Dublin Masters 2014"]
[Site "Dublin IRL"]
[Date "2014.09.14"]
[Round "5"]
[White "Mulligan, Scott"]
[Black "Harding, Tim"]
[Result "0-1"]
[WhiteElo "1876"]
[BlackElo "2095"]
[WhiteICU "1785"]
[BlackICU "1975"]
[WhiteClub "Rathmines Jrs"]
[BlackClub "T.C.D."]
[WhiteNationality "IRL"]
[BlackNationality "IRL"]
[WhiteFideId "2507498"]
[BlackFideId "2500256"]
[PlyCount "30"]
[Venue "Gresham Hotel, 23 Upper O'Connell Street, Dublin 1"]
[EventDate "2014.09.12"]
[Source "Herbert Scarry and Pat Fitzsimons, via Irish Chess Cogitations blog"]

{ Reference: <a
href="https://www.irlchess.com/cityofdublin2014_allfiles/information_cityofdublin2014.html">Tournament
report</a>. }

1. e4 e6 2. d4 d5 3. Nc3 dxe4 4. Nxe4 Nd7 5. Ne2 Be7 6. N2g3 Ngf6 7. Bd3 c5
8. dxc5 Nxc5 9. Nxc5 Bxc5 10. O-O Bd7 11. Ne4 Be7 12. c3 Bc6 13. Qc2 Qd5
14. Re1 O-O-O 15. Re3 Nxe4 0-1